000 00490nam a2200181Ia 4500
001 14753
005 20260306164937.0
008 260306t2014||||xx |||||||||||||| ||spa||
041 _aESP
082 _a519.2
_bF81
100 _aFramiñán Torres, José Manuel ...[et. al.]
_eAUT
245 0 _aProblemas resueltos de probabilidad y estadística en la ingeniería
260 _c2014
300 _a275 páginas :
_c24 cm.
650 _aGEN
654 _aCMA
942 _cLIB
_dJUS
_fJUS
_2ddc
_n
999 _c14753
_d14753